Statystyki dla Państwa Azji Wschodniej - Quiz na mapie

Kliknij tutaj aby rozwiązać quiz!

Ogólne statystyki

  • Ten quiz został rozwiązany 29 330 razy
  • Średni wynik to 13 z 17

Odpowiedzi na mapie

Odpowiedzi skodowane kolorowo w zielono-czerwonej skali na mapie do tego quizu, zgodnie z poniższymi procentami.
 

Statystyki odpowiedzi

Odpowiedź% Poprawnych
Chiny
95%
Japonia
91%
Korea Północna
91%
Mongolia
91%
Korea Południowa
89%
Indonezja
82%
Filipiny
80%
Tajwan
76%
Wietnam
71%
Tajlandia
70%
Timor Wschodni
69%
Laos
68%
Malezja
67%
Kambodża
63%
Singapur
63%
Mjanma
61%
Brunei
52%

Rozkład punktacji

Percentyl według liczby udzielonych odpowiedzi

Procent ludzi z każdym wynikiem

Twoja historia wyników

Nie rozwiązałeś tego quizu